Protected areas in 2023: (Registro nro. 19756)

Detalles MARC
000 -CABECERA
Campo de control 00644nam a22002057a 4500
005 - FECHA Y HORA DE LA ULTIMA TRANSACCION
Campo de control 20200104041758.0
008 - ELEMENTOS DE LONGITUD FIJA—INFORMACION GENERAL
Campo de control 170818b2003 sz |||||r|||| 00| 0 eng d
020 ## - ISBN
ISBN 2831707498
040 ## - FUENTE DE CATALOGACIÓN
Agencia catalogadora original CO-BoIAVH
Agencia transcriptora CO-BoIAVH
041 ## - IDIOMA
Código de idioma para texto/pista de sonido o título separado Inglés
044 ## - PAÍS DE PUBLICACIÓN
País de publicación Suiza
082 14 - NUMERO DE CLASIFICACION DECIMAL DEWEY
Número de clasificación 333.720494
Número del ítem M47p
245 00 - MENCION DE TITULO
Título Protected areas in 2023:
Parte restante del título scenarios for an uncentain future
Mención de responsabilidad editado por Jeffrey McNelly y Frederik Schutyser
260 ## - PUBLICACION, DISTRIBUCION, ETC. (PIE DE IMPRENTA)
Lugar de publicación, distribución, etc. Gland, Switzerlnd:
Nombre del editor, distribuidor, etc. IUCN,
Fecha de publicación, distribución, etc. 2003.
300 ## - DESCRIPCION FISICA
Extensión 51 páginas
650 #0 - ASIENTO SECUNDARIO DE MATERIA - TERMINO TEMATICO
Término temático o nombre geográfico como elemento de entrada Áreas protegidas
9 (RLIN) 78
700 1# - ASIENTO SECUNDARIO - NOMBRE PERSONAL
Nombre personal McNelly, Jeffrey
Término de relación editor
9 (RLIN) 83416
700 1# - ASIENTO SECUNDARIO - NOMBRE PERSONAL
Nombre personal Schityser, Frederik
Término de relación editor
9 (RLIN) 83417
942 ## - ELEMENTOS ADICIONALES (KOHA)
Sistema de clasificación Dewey Decimal Classification
Tipo de ítem Libro
Existencias
Withdrawn status Lost status Sistema de Clasificación Damaged status No para préstamo Colección Inventariado Ubicación Permanente Ubicación actual Fecha de adquisición Fuente de Valor Valor Total Checkouts Número topográfico Inventario / Código de Barras Date last seen Ejemplar Price effective from Forma de adquisición Tipo de material
    Dewey Decimal Classification     General Inventariado 2017 Sala Fabio Quevedo Sala Fabio Quevedo 18/08/2017 Instituto 15000.00   LB-333.720494 M47p 042664 18/08/2017 Ej. 1 18/08/2017 Donación Libro